Pays avec les plus grosses parties intimes(monde) - Statistiques

Statistiques générales
  • Ce quiz a été pris 318 fois
  • Le résultat moyen est 3 sur 10
Statistiques - réponses
Hint Réponse % Correct
17.93 Congo
88%
16.67 Cameroun
55%
17.03 Colombie
31%
17.77 Equateur
27%
16.47 Soudan
27%
17.31 Ghana
26%
17.03 Venezuela
26%
16.51 Bolivie
14%
16.82 Liban
7%
16.51 Hongrie
5%
Aucun quiz correspondant
Distribution des résultats
% des personnes avec chaque résultat
Percentile par nombre de réponses
Votre historique - résultats
Vous n’avez pas pris ce quiz